• 首页
  • 本馆介绍
  • 公告通知
  • 最新文献
  • 馆藏检索
  • 电子资源
  • 读者导购
  • 参考咨询
  • 我的图书馆
  • 登录
  • 详细信息显示
  • 放入我的书架
  • 预约/预借图书
  • 作者相关作品
  • 分类相关作品
  • 丛书相关作品
  • 出版社相关作品

书目信息

  • 表格格式
  • 工作单格式
  • 卡片格式
题名:
龙溪精舍丛书
    
 
作者: 郑国勋 辑
分册: 一○六   古文苑
出版信息:    
页数: 全一册
开本: 17*13cm
丛书名:
单 册:
中图分类: Z121.5
科图分类:
主题词: 丛书--中国
电子资源:
ISBN:
000 00699nam0 2200229 450
001 0653435422
005 20061019081831.67
010    @b线装@d不详
100    @a20061018d km y0chiy0120 ea
101 0  @achi
200 1  @a龙溪精舍丛书@h一○六@i古文苑@h二@Along xi jing she cong shu@f(清)郑国勋辑@F(qing)zheng guo xun ji
215    @a全一册@d17*13cm
300    @a(清)潮阳郑氏刻藏家塾
300    @a第一○五集至第一一○集为本函
305    @a本书为北京市中国书店影印本,线装
517 1  @a古文苑@Agu wen yuan
517 1  @a修文御览@Axiu wen yu lan
606 0  @a丛书@x中国
690    @aZ121.5@v3
701  0 @a郑国勋@Azheng guo xun@4辑
801  0 @aCN@bPFT@c20061019
905    @a10447@dZ121.5@e10:106
    
    龙溪精舍丛书.一○六.古文苑.二/(清)郑国勋辑
    全一册;17*13cm
    (清)潮阳郑氏刻藏家塾.-第一○五集至第一一○集为本函
    
    ISBN (线装):不详
    
●
相关链接 在E读中查询图书 在五车中查询图书 在当当中查询图书 在豆瓣中查询图书


正题名:龙溪精舍丛书     索取号:Z121.5/10:106         预约/预借

序号 登录号 条形码 馆藏地/架位号 状态 备注
1 0223195   202410621   古籍典藏专区/ [索取号:Z121.5/10:106] 在馆    
唐山师范学院图书馆 欢迎您!
大连网信软件有限公司© 版权所有